000 00430nab a2200145Ia 4500
003 ES-SlBCS
005 20210601131743.0
008 140529s1932 xxu||||| |||| 00| 0 fre d
041 _afre
100 1 _aRolland, Édouard
_9185906
245 0 0 _aVers une amélioration
_c Édouard Rolland
650 0 4 _aEnseñanza Religiosa
_9127835
773 0 _tVie Intelectuelle (La)
_gvol. 18, nº. 2, 1932, págs. 342-366
_wRev907
942 _cAR
999 _c568216
_d568216